Farolito: material didáctico para niños entre tres y siete años
Saved in:
| Main Author: | |
|---|---|
| Other Authors: | |
| Format: | Book |
| Published: |
Santiago
Andrés Bello. Alfabeta
1986
|
| Edition: | 4ª ed. |
| Textbook Catalogue: | MANES: Library Catalog Search Result |
| Textbook Classification: |
|
| Tags: |
Add Tag
No Tags, Be the first to tag this record!
|
| Added to: | 1999-11-29 |
| Changed in: | 2025-04-25 |
MARC
| LEADER | 00000nam a22000007a 4500 | ||
|---|---|---|---|
| 005 | 20250425101429.0 | ||
| 008 | spa | ||
| 040 | |a MGM | ||
| 100 | |9 21655 |a Soledad, López | ||
| 245 | |a Farolito: material didáctico para niños entre tres y siete años | ||
| 250 | |a 4ª ed. | ||
| 260 | |a Santiago |b Andrés Bello. Alfabeta |c 1986 | ||
| 300 | |a 75 p. | ||
| 500 | |a Contiene Ilustraciones | ||
| 546 | |a Chile | ||
| 561 | |5 cl-MGM |3 T 372.210202 L864 f 1986 |a Chile. Museo Gabriela Mistral |k MANES | ||
| 690 | |a EA |a EyL | ||
| 690 | 0 | |a MATE | |
| 691 | |a IN | ||
| 700 | |9 21657 |a González, Susana. Ilustradora | ||
| 942 | |2 ddc |c BK | ||
| 999 | |c 49751 |d 49751 | ||
| 999 | |c manes:49751 |d 49751 | ||